A Quiz About Diamonds - Statistics

General Stats
  • This quiz has been taken 11,591 times
  • The average score is 11 of 18
Answer Stats
Hint Answer % Correct
Element that diamonds are made of Carbon
95%
Unit used to measure the weight of diamonds or other gemstones Carat
93%
Term for the 60-year anniversary of a monarch's reign Diamond {jubilee}
76%
1971 James Bond movie with a villain who wants to use diamonds to build lasers in space Diamonds are {Forever}
76%
Singer who recorded "Sweet Caroline" {Neil} Diamond
73%
Actress who performed the song "Diamonds Are a Girl's Best Friend" in 1953 Marilyn Monroe
68%
A "diamondback" is this type of creature Rattlesnake
65%
1997 movie in which a young woman was painted wearing a diamond called "The Heart of the Ocean" Titanic
65%
City in Belgium which is the world's diamond-trading capital Antwerp
64%
Slang word, starting with B, that refers to the "sound" that light makes when it reflects off a diamond Bling
60%
Term for a diamond which is used to finance military operations Blood diamond
59%
Country in which you'd find the city of Kimberley, the site of a huge diamond rush in 1869 South Africa
58%
Diamond alternative first produced in the Soviet Union in 1976 Cubic {zirconia}
57%
Company founded by Cecil Rhodes which had a near monopoly of the diamond industry during the 20th century De Beers
47%
Current owner of the Cullinan diamonds, which were made from the largest gem-quality diamond ever found King Charles III
37%
City in which you'd find a volcanic crater named Diamond Head Honolulu
27%
"Cursed" blue diamond which is currently housed in the Smithsonian Hope Diamond
27%
The most common cut for diamond engagement rings, it has 57 or 58 facets Round brilliant cut
14%
No matching quizzes found
Score Distribution
Percent of People with Each Score
Percentile by Number Answered
Your Score History
You have not taken this quiz